000 03127nam a22004933 4500
001 14046
003 http://catalogue.bnf.fr/ark:/12148/cb473459203
005 20260326104209.0
010 _a9782351052082
_d17 EUR
073 0 _a9782351052082
090 _a14046
099 _o0
100 _a20231016d2023 m y0frey50 ba
101 0 _afre
102 _aFR
105 _a||||z 00|||
181 0 _601
_ai
_bxxxe
181 _602
_ctxt
_2rdacontent
182 0 _601
_an
182 _602
_cn
_2rdamedia
200 1 _aDésobéir
_bTexte imprimé
200 1 _cSuivi de La tendresse
210 _aParis
_cÉditions L'Œil du prince
_dDL 2023
_e63-Riom
_gImpr. La Source d'Or
215 _a1 vol. (171 p.)
215 _d20 cm
323 _aindéfini
330 _aDésobéir – Chacune à sa manière, quatre jeunes filles issues de la deuxième ou troisième génération d'immigration témoignent d'un NON posé comme acte fondateur. « Non » aux volontés du père, aux injonctions de la communauté, face à la double peine que sont le racisme et le machisme. S'opposer pour trouver sa voix et la faire entendre, pour pouvoir danser, faire du théâtre, écrire, prier. Arracher sa liberté. Nous avons souhaité raconter l'histoire de victoires, de victorieuses, d'obstinées, de désobéissantes. La Tendresse – Ce titre agit comme un programme. Si les filles de Désobéir devaient mentir aux autres pour s'affranchir des injonctions de la famille, de la société ou de la tradition, les garçons de La Tendresse, eux, ont souvent dû se mentir à eux-mêmes pour appartenir au « groupe des hommes ». Chacun à leur manière, ils ébranlent les assignations d'une identité fondée sur la performance, la force, la domination de soi et des autres. Dans ce diptyque, nous avons entrepris d'ébranler les préjugés et les grilles de perception que l'on peut projeter sur les paroles et les corps de la nouvelle génération. Les textes ont la forme de témoignages directs – fictifs ou réels ? « Organiser le pessimisme », pour reprendre la formule de Walter Benjamin, c'est d'abord le partage de nos expériences. C'est ce qui permet de faire nôtres nos héritages. C'est ne pas laisser les forces de destruction médiatique nous assigner place et pensée. Nous avons tenté de tracer les contours de ce que l'on pourrait nommer « un théâtre de la capacité ».
608 _311977537
_aThéâtre (genre littéraire) français
_311930812
_xVingt et unième siècle
_2rameau
610 _afiliation
_atransgénérationnel
_aféminisme
_aémancipation
700 _aBérès
_bJulie
700 _314671710
_oISNI0000000001488600
_4070
701 _aKeiss
_bKevin
701 _aZeniter
_bAlice
701 _aGuez
_bLisa
701 _316656963
_4070
701 _314491201
_4070
701 _316682320
_4070
702 _aKatuszewski
_bPierre
702 _aTuaillon
_bVictoire
702 _314685485
_4080
702 _317862130
_4080
801 0 _aFR
_bFR-751131015
_c20231016
_gAFNOR
_hFRBNF473459200000004
856 2 _u803028
_bPremière de couverture
856 2 _u803029
_bQuatrième de couverture